| 000 | 01583cam a2200421 4500 | ||
|---|---|---|---|
| 999 |
_c23563 _d23563 |
||
| 001 | vtls011835430 | ||
| 005 | 20231110093734.0 | ||
| 008 | 200316s2019 xo j gr 000 f slo | ||
| 020 |
_a9788022020862 _q(viazané) |
||
| 035 | _aurn:nbn:sk:snk-am00djh8 | ||
| 035 | _aurn:nbn:sk:snk-am3i47g | ||
| 035 | _aFE892862-CF3A-45E4-A651-9A541923F522 | ||
| 040 |
_aTTKJF _bslo _dTTKJF _dSNK _erda _csk |
||
| 041 | 1 |
_aslo _heng |
|
| 044 |
_axo _cSK |
||
| 072 | 7 |
_a821.111-3 _xAnglická próza, anglicky písaná _2konspekt |
|
| 080 |
_a821.111(71)-31 _22011 |
||
| 080 |
_a(0:82-312.5) _22011 |
||
| 100 | 1 |
_aBalogh, Mary, _d1944- _4aut _92110 |
|
| 240 | 1 | 0 |
_aSomeone to Hold _lSlovensky |
| 245 | 1 | 0 |
_aHorúce objatie _cMary Baloghová ; z anglického originálu Someone to Hold ... preložila Tamara Chovanová |
| 264 | 1 |
_aBratislava _bSlovenský spisovateľ _c[2019] |
|
| 264 | 4 | _c©2019 | |
| 300 |
_a287 strán _bgenealogické tabuľky _c21 cm |
||
| 336 |
_atext _btxt _2rdacontent |
||
| 337 |
_abez média _bn _2rdamedia |
||
| 338 |
_azväzok _bnc _2rdacarrier |
||
| 500 | _aÚdaje o sérii prevzaté z knihy - Horúce objatie, ktorá je druhou časťou tejto série | ||
| 500 | _aNázov série prevzatý z externého zdroja | ||
| 655 | 7 |
_akanadské romány (anglicky) _2SNKPH _92111 |
|
| 655 | 7 |
_aľúbostné romány _2SNKPH _913 |
|
| 655 | 7 |
_aCanadian fiction (English) _2SNKPHeng _92112 |
|
| 655 | 7 |
_aLove novels _2SNKPHeng _91667 |
|
| 700 | 1 |
_aChovanová, Tamara, _d1953- _4trl _91712 |
|
| 958 | _aLX | ||
| 958 | _aUP | ||